00339 a2200109 4500001001000000005001700010008004100027245004900068100002200117773007300139999001700212ART_1730220260410161923.0260409a 10aConstant-utility index numbers of real wages1 aPencavel, John H.0 tThe American Economic Reviewg- Vol. 69, NÂș 1 (mar. 1979)wREV16190 c27853d27853